000 00634nam a2200229Ia 4500
003 OSt
005 20220918174428.0
006 a|||||r|||| 00| 0
007 ta
008 220917b |||||||| |||| 00| 0 eng d
024 _a12,103
037 _cTextual
040 _aARTS
_cARTS
_beng
041 _2eng
_aeng
082 _a/\2y7M63x, L1
100 _aMukherji Santi L.
_950459
245 0 _aPhilosophy of man making
_b a study in social and political ideas of Swami Vevekananda
260 _c1971
650 _aSPIRITUALISM
942 _h/\2y7M63x, L1
_cTEXL
_2CC
999 _c153153
_d153153